Îles d'Italie... Ou d'Espagne? - Statistiques

Statistiques générales
  • Ce quiz a été pris 211 fois
  • Le résultat moyen est 14 sur 20
Statistiques - réponses
Question Réponse % Correct
Ischia Italie
97%
Lanzarote Espagne
92%
Lipari Italie
92%
El Hierro Espagne
89%
Filicudi Italie
89%
Linosa Italie
83%
Cabrera Espagne
81%
Formentera Espagne
75%
Pantelleria Italie
72%
Îlot Persil Espagne
67%
La Gomera Espagne
67%
Tagomago Espagne
67%
Arousa Espagne
61%
Asinara Italie
58%
Vivara Italie
58%
Ustica Italie
56%
Alegranza Espagne
53%
Tabarca Espagne
50%
Palmarola Italie
39%
San Domino Italie
36%
Aucun quiz correspondant
Distribution des résultats
% des personnes avec chaque résultat
Percentile par nombre de réponses
Votre historique - résultats
Vous n’avez pas pris ce quiz